| 000 | 00429nam a2200169 a 4500 | ||
|---|---|---|---|
| 001 | 0000-9116 | ||
| 003 | ELIB.Books | ||
| 008 | 110520 1989 | ||
| 035 | _a(ELIB.Books)0000-9265 | ||
| 082 |
_a231.3 _bHag |
||
| 100 | _aHagin , Kenneth E. | ||
| 245 | _aUnderstanding the Anointing | ||
| 260 |
_bTulsa: Faith Library Publications _c1989 |
||
| 650 | _aGod | ||
| 942 |
_2ddc _cBK |
||
| 998 |
_cbat _e2011-05-20 |
||
| 999 |
_c9116 _d9116 |
||